Giáo trình cơ sở dữ liệu phân tán /

Gardado en:
Detalles Bibliográficos
Autor Principal: Phạm, Thế Quế, TS
Formato: Libro
Idioma:Vietnamese
Publicado: TT&TTH 2010
Các nhãn: Engadir etiqueta
Sen Etiquetas, Sexa o primeiro en etiquetar este rexistro!
Thư viện lưu trữ: Mạng thư viện Đại học Đà Nẵng
LEADER 00645nam a2200265 4500
001 000028077
003 PH-Q
005 20150403120000.0
008 150403s vm 000 vie
020 |c 0,0000 
040 |a notts 
100 |a Phạm, Thế Quế, TS 
245 |a Giáo trình cơ sở dữ liệu phân tán /  |c Phạm Thế Quế chủ biên. 
260 |b TT&TTH  |c 2010 
OWN |a LTT 
999 |a From the UDN01 
TYP |a Monograph 
TYP |a Printed language 
980 |a Mạng thư viện Đại học Đà Nẵng